Die 135 beliebtesten dt. TV - Shows - Statistiken

Allgemein
  • Dieses Quiz wurde 178 mal gespielt
  • Das Durchschnittsergebnis liegt bei 25 aus 135
Antwortstatistiken
Dauer
Folgen
(Staffeln)
Lückentext TV - Show % Korrekt
33 Jahre 215 W..... dass...? Wetten dass...?
80%
44 Jahre + 182 + V........ Sie S...? Verstehen Sie Spaß?
76%
47 Jahre + 1 167 + ?,? oder ? 1,2 oder 3
67%
11 Jahre + 1 600 (8) + B.... für R.... Bares für Rares
67%
38 Jahre + 643 (37) + ZDF F......g..... ZDF Fernsehgarten
63%
10 Jahre + 126 (13) + Die H.... der 🦁 Die Höhle der Löwen | DHDL
60%
22 Jahre + 409 (20) + 🇩🇪 s.... den S........ Deutschland sucht den Superstar | DSDS
58%
13 Jahre + 173 (11) + The 🗣 of 🇩🇪 The Voice of Germany | TVOG
58%
23 Jahre + 1 000 + H... aber f... Hart aber fair
56%
25 Jahre + 1 622 (36) + W.. w.... M........? Wer wird Millionär?
53%
31 Jahre 337 W.. b... ich? Was bin ich?
51%
57 Jahre + 608 + A.........X? Aktenzeichen XY... ungelöst
50%
12 Jahre 90 💶 oder ♥ Geld oder Liebe
50%
19 Jahre 200 Der g..... P.... Der große Preis
49%
15 Jahre + 301 (16) + I.. b.. ein 🌟 - h... m... h... r... Ich bin ein Star - holt mich hier raus | IBES
47%
31 Jahre 368 ZDF H..p..... ZDF Hitparade
46%
15 Jahre + 191 (16) + L..'s 🕺 Let's Dance
45%
9 Jahre + 1 032 (8) + W.. w.... denn s....? Wer weiß denn sowas?
45%
9 Jahre 55 S..... den R...! Schlag den Raab!
43%
2 Jahre 388 G..... d...... - Das Q... Genial daneben - Das Quiz
42%
8 Jahre 1 873 Der P.... ist ♨ Der Preis ist heiß
40%
45 Jahre + 870 + NDR T... S... NDR Talk Show
40%
16 Jahre 2 303 (17) 📺 T.... TV Total
39%
18 Jahre + 252 (18) + 🇩🇪 's N... T....... Germany's Next Topmodel | GNTM
38%
14 Jahre + n.b. B.... - Der T... Britt - Der Talk
37%
7 Jahre 307 F..... 1 Formel 1
37%
16 Jahre 800 A... W... Anne Will
35%
9 Jahre 94 T....💒 Traumhochzeit
35%
34 Jahre + 1 275 + 🌟 📺 Stern TV
33%
3 Jahre 28 🍌s (engl.) Bananas
32%
17 Jahre + 182 (15) + Das S....t..... Das Supertalent
32%
19 Jahre 463 ♥🍃 Herzblatt
30%
68 Jahre + 66 + E...v..... S... C...... Eurovision Song Contest | ESC
29%
19 Jahre 100 N.. die ♥ z.... Nur die Liebe zählt
28%
10 Jahre + 226 (6) + Q...d.... Quizduell
27%
4 Jahre 107 A.... N..... O...?! Alles Nichts Oder?!
26%
11 Jahre 2 275 F....... - D.... Familien - Duell
26%
17 Jahre + 167 (17) + I... 🌃 Inas Nacht
26%
32 Jahre 200 A.... o... n..... Alles oder nichts
25%
11 Jahre n.b. J....... B. K..... Johannes B. Kerner | Kerner kocht
25%
25 Jahre + 800 + m...... i..... maybrit illner | Berlin Mitte
25%
15 Jahre + 463 (27) + h.... - s.... heute - show
23%
27 Jahre 1 000 🌃 ☕ Nachtcafé
23%
9 Jahre 60 Auf L.. g..... l.. Auf Los geht's los
22%
5 Jahre 12 (2) D... or N. D... Deal or No Deal
22%
14 Jahre 4 000 G.....🛞 Glücksrad
21%
2 Jahre 333 H... du T...? Hast du Töne?
20%
13 Jahre 153 E....... Sie die M......? Erkennen Sie die Melodie?
19%
16 Jahre + 1 800 (12) M..... L... Markus Lanz
19%
9 Jahre 2 064 V... am M..... Vera am Mittag
19%
15 Jahre 153 (17) D.... D.... Dalli Dalli
18%
12 Jahre + 672 (11) + G...... - G..... Gefragt - Gejagt
18%
21 Jahre 89 1 w... g....... 1 wird gewinnen
17%
5 Jahre 51 Am l........ B... Am laufenden Band
17%
12 Jahre 45 L.....🎪 Liedercircus
17%
10 Jahre + 75 (8) + S... m..... S... - Das T.....k...... Sing meinen Song - Das Tauschkonzert
17%
12 Jahre 50 🌟p..... Starparade
17%
22 Jahre + 285 + Die M......m.... Die Montagsmaler
15%
6 Jahre 195 N.. M...... R..... Neo Magazin Royale | ZDF Magazin Royale
15%
29 Jahre + 301 (25) + I.... w...... s........ Immer wieder sonntags | IWS
14%
21 Jahre + 900 + M.....b..... Maischberger
14%
19 Jahre 1 800 Die H.... S...... S... Die Harald Schmidt Show
13%
22 Jahre + n.b. Q...... C..... C... Quatsch Comedy Club
12%
12 Jahre 2 330 R... Z... Ruck Zuck
12%
3 Jahre 151 (4) T.... F..... Tutti Frutti
12%
10 Jahre n.b. A..b.... Arabella
11%
2 Jahre n.b. Die r... O.... Die rote Optik
11%
9 Jahre 1 700 H... M..... S... Hans Meiser Show
11%
9 Jahre 486 (17) G..... d...... Genial daneben
10%
10 Jahre n.b. R......! / J.......! Riskant! | Jeopardy!
10%
9 Jahre 300 (12) ? T...,? K.... 7 Tage, 7 Köpfe
9%
2 Jahre 15 D.....👄chen Donnerlippchen
9%
6 Jahre n.b. I.... Ch...... Ilona Christen
9%
26 Jahre + 540 + K..... T.... Kölner Treff
9%
22 Jahre n.b. M....... für M........ Melodien für Millionen
9%
43 Jahre + 210 + M.........s.... Musikantenstadl | Stadlshow
9%
20 Jahre 153 (18) P......, P... & P..... Pleiten, Pech & Pannen
9%
5 Jahre 146 R.. S...... 🌃 RTL Samstag Nacht
9%
10 Jahre + 75 + Die A....... Die Anstalt
8%
6 Jahre 60 P.. Pop
8%
5 Jahre 56 So i.... So isses
8%
10 Jahre 11 B.....v..... S... C...... Bundesvision Song Contest | BSC
7%
57 Jahre + 2 600 + Der i............. F...s...... Der internationale Frühschoppen
7%
5 Jahre 69 M.... aus S..... B Musik aus Studio B
7%
7 Jahre 85 R... m.. mit 🌹nt... Rate mal mit Rosenthal
7%
32 Jahre + n.b. R....b... Riverboat | MDR - Club
7%
30 Jahre 208 Z.. b..... B... Zum blauen Bock
7%
4 Jahre 49 ? -? -? -? - H.. & S.... 4 - 3 - 2 - 1 Hot & Sweet
6%
4 Jahre 30 B..'s 🚉 Bio's Bahnhof
6%
11 Jahre 133 d.... disco
6%
29 Jahre + 110 + M.... für Sie Musik für Sie
6%
34 Jahre 196 S.... o... G...... Spiel ohne Grenzen
6%
20 Jahre 694 Z..... f... Zimmer frei
6%
7 Jahre 1 500 B..... Sch.... Bärbel Schäfer
5%
29 Jahre 1 519 Der S....... K.... Der Schwarze Kanal
5%
6 Jahre 228 Die W.....s... Die Wochenshow
5%
5 Jahre 70 P. I. T. P.... I...... T.... P. I. T. Peter Illmann Treff
5%
4 Jahre 30 P......k.... Plattenküche
5%
6 Jahre 84 P.... ... Pssst...
5%
5 Jahre 64 The D... The Dome
5%
52 Jahre 2 190 A....... S........ Aktuelle Schaubude
4%
4 Jahre 850 A...... T.... Andreas Türck
4%
5 Jahre 90 (6) B....p..... Bullyparade
4%
6 Jahre 50 Der g....... S.... Der goldene Schuß
4%
15 Jahre 165 Die P....... Die Pyramide
4%
15 Jahre 150 D....d. Dingsda
4%
6 Jahre 62 N.... a.. der A...... Neues aus der Anstalt
4%
5 Jahre 150 (7) S.......s..... Schillerstraße
4%
4 Jahre 821 S.... Sonja
4%
30 Jahre + 126 + F.... der V....m.... Feste der Volksmusik |Die Feste mit Florian Silbereisen
3%
6 Jahre 43 M.... ist T...... Musik ist Trumpf
3%
6 Jahre 350 R....'s P.. S... Ronny's Pop Show
3%
27 Jahre 320 ? + 4 - Ein h....... S..g....s.... 17 + 4 - Ein heiteres Stegreifspiel
2%
4 Jahre 31 ? x ? 3 mal 9
2%
15 Jahre 624 B...m... Beckmann
2%
6 Jahre 67 G.. g...... ist h... g....... Gut gefragt ist halb gewonnen
2%
5 Jahre 102 (6) S..... r....... Switch reloaded
2%
16 Jahre 37 A..g......! P..... u....h... sich Aufgemerkt! Pelzig unterhält sich |Pelzig hält sich
1%
7 Jahre 84 B... - C... Beat - Club
1%
3 Jahre n.b. I... ⬆️ Inas Norden
1%
18 Jahre 100 K... s...... L... Kein schöner Land
1%
14 Jahre + 147 + K....K.... KlickKlack
1%
6 Jahre 30 (5) K...b.. Klimbim
1%
4 Jahre 32 (4) K......👩🏼 Knallerfrauen
1%
48 Jahre + n.b. R...p..... Rockpalast | Rocklife
1%
4 Jahre 50 S......e....... Schmidteinander
1%
4 Jahre 200 S.......m..... L... Schreinemakers Live
1%
6 Jahre 47 V.....m...n.... Vergißmeinnicht
1%
17 Jahre 215 A..... H..p..... Achims Hitparade
0%
4 Jahre n.b. B...... ☠ Blondes Gift
0%
20 Jahre + 261 (30) + D....... Dittsche
0%
11 Jahre 300 H...' a..... Heut' abend
0%
4 Jahre 998 H.. C... Hit Clip
0%
12 Jahre 90 M....l.... Musikladen
0%
2 Jahre 23 S....... Sketchup
0%
Keine übereinstimmenden Quizze gefunden
Verteilung der Resultate
Anzahl Personen mit jedem Resultat
Perzentil nach korrekt beantworteten Fragen
Ihre Resultats-Entwicklung
Sie haben dieses Quiz noch nicht gespielt